000 00423nam a22001697a 4500
003 NUST - PNEC
005 20170116181148.0
008 151014b xxu||||| |||| 00| 0 eng d
020 _a-
040 _cLIBRARY
082 _a382.0625471 FEL
100 _915195
_a Feldman,Herbert
245 _aKarachi Through A Hunderd years
_cHerbert, Feldman
260 _cc 1960
650 _915196
_a-
_xGeneral
942 _2ddc
_cBK
999 _c70814
_d70814